UM Logo

Introductory algebra / (Record no. 7479)

MARC details
000 -LEADER
fixed length control field 00502nam a2200169 4500
008 - FIXED-LENGTH DATA ELEMENTS--GENERAL INFORMATION
fixed length control field 170925b xxu||||| |||| 00| 0 eng d
020 ## - INTERNATIONAL STANDARD BOOK NUMBER
International Standard Book Number 0-13-503723-9
082 ## - DEWEY DECIMAL CLASSIFICATION NUMBER
Edition number 1994
Classification number DC 512.9
Item number P78
100 ## - MAIN ENTRY--PERSONAL NAME
9 (RLIN) 22687
Personal name Poole, Barbara
245 ## - TITLE STATEMENT
Title Introductory algebra /
Statement of responsibility, etc. Barbara A. Poole
250 ## - EDITION STATEMENT
Edition statement Second Edition
260 ## - PUBLICATION, DISTRIBUTION, ETC. (IMPRINT)
Place of publication, distribution, etc. Englewood Cliffs, New Jersey :
Name of publisher, distributor, etc. Prentice-Hall,
Date of publication, distribution, etc. ©1994.
300 ## - PHYSICAL DESCRIPTION
Extent xiii, 813 pages ;
Dimensions 28 cm
500 ## - GENERAL NOTE
General note Includes index.
650 #0 - SUBJECT ADDED ENTRY--TOPICAL TERM
9 (RLIN) 22688
Topical term or geographic name as entry element Algebra
942 ## - ADDED ENTRY ELEMENTS (KOHA)
Source of classification or shelving scheme Dewey Decimal Classification
Koha item type Circulation
Holdings
Withdrawn status Lost status Source of classification or shelving scheme Damaged status Not for loan Collection code Home library Current library Shelving location Date acquired Source of acquisition Cost, normal purchase price Total Checkouts Full call number Barcode Date last seen Date last checked out Copy number Price effective from Koha item type
    Dewey Decimal Classification     Circulation UM Digos College - LIC UM Digos College - LIC Book Cart 04/04/2000 Purchased 2477.00 2 DC 512.9 P78 1994 14115 05/15/2025 01/30/2020 1 09/25/2017 Circulation